01204cam a22002894a 450000100090000000300040000900500170001300800410003001000170007102000180008804000130010605000230011908200210014224501540016326000480031730000590036550000260042450400660045065000430051665000490055970000180060871000410062690600450066794200480071295201370076099900170089716127606OSt20231206155920.0100310s2009 enkab b 001 0 eng  a 2009512976 a9781903035320 aDLCcDLC00aQH138.B6bN38 200904a508.42338bBOU/N04aThe natural history of Bournemouth and the surrounding area /cwritten by members of the Bournemouth Natural Science Society ; edited by Ray Chapman. aSalisbury [England] :bWessex Books,c2009. a238 p. :bill. (some col.), maps (some col.) ;c25 cm. aErrata slip inserted. aIncludes bibliographical references (p. [213]-216) and index. 0aNatural historyzEnglandzBournemouth. 0aWildlife conservationzEnglandzBournemouth.1 aChapman, Ray.2 aBournemouth Natural Science Society. a7bcbccorignewd2encipf20gy-gencatlg 2ddccBKh508.42338iBOU/Nk508.42338mBOU/N 00102ddc40708SCIENCEaMESbMEScHISd2023-12-06l0o508.42338 BOU/Np43937r2023-12-06 15:59:49v1295.00w2023-12-06yBKzGL42R2 c43756d43756